<?xml version="1.0" encoding="UTF-8"?><?xml-stylesheet type="text/xsl" href="static/style.xsl"?><OAI-PMH xmlns="http://www.openarchives.org/OAI/2.0/" xmlns:xsi="http://www.w3.org/2001/XMLSchema-instance" xsi:schemaLocation="http://www.openarchives.org/OAI/2.0/ http://www.openarchives.org/OAI/2.0/OAI-PMH.xsd"><responseDate>2026-04-17T01:13:15Z</responseDate><request verb="GetRecord" identifier="oai:www.recercat.cat:2117/132546" metadataPrefix="marc">https://recercat.cat/oai/request</request><GetRecord><record><header><identifier>oai:recercat.cat:2117/132546</identifier><datestamp>2026-01-21T10:14:17Z</datestamp><setSpec>com_2072_1033</setSpec><setSpec>col_2072_452950</setSpec></header><metadata><record xmlns="http://www.loc.gov/MARC21/slim" xmlns:dcterms="http://purl.org/dc/terms/" xmlns:xsi="http://www.w3.org/2001/XMLSchema-instance" xmlns:doc="http://www.lyncode.com/xoai" xsi:schemaLocation="http://www.loc.gov/MARC21/slim http://www.loc.gov/standards/marcxml/schema/MARC21slim.xsd">
   <leader>00925njm 22002777a 4500</leader>
   <datafield ind2=" " ind1=" " tag="042">
      <subfield code="a">dc</subfield>
   </datafield>
   <datafield ind2=" " ind1=" " tag="720">
      <subfield code="a">Criollo Manjarrez, Rotman Alejandro</subfield>
      <subfield code="e">author</subfield>
   </datafield>
   <datafield ind2=" " ind1=" " tag="720">
      <subfield code="a">Velasco Mansilla, Domitila Violeta</subfield>
      <subfield code="e">author</subfield>
   </datafield>
   <datafield ind2=" " ind1=" " tag="720">
      <subfield code="a">Nardi Ricart, Albert</subfield>
      <subfield code="e">author</subfield>
   </datafield>
   <datafield ind2=" " ind1=" " tag="260">
      <subfield code="c">2019-06</subfield>
   </datafield>
   <datafield ind2=" " ind1=" " tag="520">
      <subfield code="a">AkvaGIS is a novel, free and open source module included in the FREEWAT plugin for QGIS that supplies a standardized and easy-to-use workflow for the storage, management, visualization and analysis of hydrochemical and hydrogeological data. The main application is devised to simplify the characterization of groundwater bodies for the purpose of building rigorous and data-based environmental conceptual models (as required in Europe by the Water Framework Directive). For data-based groundwater management, AkvaGIS can be used to prepare input files for most groundwater flow numerical models in all of the available formats in QGIS. AkvaGIS is applied in the Walloon Region (Belgium) to demonstrate its functionalities. The results support a better understanding of the hydrochemical relationship among aquifers in the region and can be used as a baseline for the development of new analyses, e.g., further delineation of nitrate vulnerable zones and management of the monitoring network to control chemical spatial and temporal evolution. AkvaGIS can be expanded and adapted for further environmental applications as the FREEWAT community grows.</subfield>
   </datafield>
   <datafield ind2=" " ind1=" " tag="520">
      <subfield code="a">Peer Reviewed</subfield>
   </datafield>
   <datafield ind2=" " ind1=" " tag="520">
      <subfield code="a">Postprint (published version)</subfield>
   </datafield>
   <datafield tag="653" ind2=" " ind1=" ">
      <subfield code="a">Àrees temàtiques de la UPC::Enginyeria civil::Geologia::Hidrologia subterrània</subfield>
   </datafield>
   <datafield tag="653" ind2=" " ind1=" ">
      <subfield code="a">Groundwater--Computer programs</subfield>
   </datafield>
   <datafield tag="653" ind2=" " ind1=" ">
      <subfield code="a">Geographic Information System (GIS)&#xd;
Water resource management&#xd;
Groundwater&#xd;
Geomatics&#xd;
Free and Open Source&#xd;
FREEWAT&#xd;
Walloon Region</subfield>
   </datafield>
   <datafield tag="653" ind2=" " ind1=" ">
      <subfield code="a">Aigües subterrànies -- Programes d'ordinador</subfield>
   </datafield>
   <datafield ind2="0" ind1="0" tag="245">
      <subfield code="a">AkvaGIS: an open source tool for water quantity and quality management</subfield>
   </datafield>
</record></metadata></record></GetRecord></OAI-PMH>